000 00283nam a22001337a 4500
008 170301b xxu||||| |||| 00| 0 eng d
020 _a03975131216
041 _aeng
080 _24TH
_a616.8-006
100 _a6
101 _aSHM
245 _aCANCER
_cDEVITA, V.T
942 _2udc
_cBK
999 _c6456
_d6456